<?xml version="1.0" encoding="UTF-8"?>
<collection xmlns="http://www.loc.gov/MARC21/slim">
  <record>
    <leader>00000nam  2200000   4500</leader>
    <controlfield tag="001">INLIS000000000002719</controlfield>
    <controlfield tag="005">20180724150330</controlfield>
    <controlfield tag="008">180724|||||||||   |   |||   |||| ||   | </controlfield>
    <datafield tag="035" ind1=" " ind2=" ">
      <subfield code="0">010-0718002719</subfield>
    </datafield>
    <datafield tag="041" ind1=" " ind2=" ">
      <subfield code="a">id</subfield>
    </datafield>
    <datafield tag="082" ind1=" " ind2=" ">
      <subfield code="a">R.085</subfield>
    </datafield>
    <datafield tag="090" ind1=" " ind2=" ">
      <subfield code="a">R.085 PIM I Angkatan XXXVII 2017</subfield>
    </datafield>
    <datafield tag="100" ind1=" " ind2=" ">
      <subfield code="a">Yanuar, Yerry</subfield>
    </datafield>
    <datafield tag="245" ind1=" " ind2=" ">
      <subfield code="a">Percepatan Penanggulangan Kemiskinan Di Jawa Barat Melalui Inovasi Penguatan Kapasitas Kelembagaan Dan Sistem Informasi Terintegrasi</subfield>
    </datafield>
    <datafield tag="260" ind1=" " ind2=" ">
      <subfield code="a">Jakarta</subfield>
      <subfield code="b">LAN Jakarta</subfield>
      <subfield code="c">2017</subfield>
    </datafield>
    <datafield tag="300" ind1=" " ind2=" ">
      <subfield code="a">x; 37 hlm.; Lamp.; 30 cm</subfield>
    </datafield>
    <datafield tag="500" ind1=" " ind2=" ">
      <subfield code="a">Berdasarkan Pusat Data dan Analisa Pembangunan Jawa Barat (2016), penanggulangan kemiskinan di Jawa Barat berjalan secara lambat, dengan laju penurunan rata-rata minimal 1% per tahun; sehingga terjadi kesenjangan (gap) laju penanggulangan kemiskinan di Jawa Barat sebesar 0,3% per tahun.  Oleh karena itu, diperlukan percepatan penanggulangan kemiskinan di Jawa Barat melalui inovasi.  Percepatan tersebut ditempuh melalui inovasi penguatan kapasitas kelembagaan dan inovasi sistem informasi terintegrasi.&#13;
Inovasi ditempuh melalui beberapa tahapan, yaitu jangka pendek (6 bulan), jangka menengah (12 bulan), dan jangka panjang (lebih dari 12 bulan).  Status capaian yang telah diimplementasikan dalam jangka pendek yang memberikan hasil, antara lain proposal rancangan proyek perubahan, tim efektif proyek perubahan, komitmen Bersama dengan berbagai stakeholder proyek perubahan, peraturan gubernur Jawa Barat tentang peraturan pelaksanaan percepatan penanggulangan kemiskinan di provinsi Jawa Barat, keputusan gubernur Jawa Barat tentang tim koordinasi penanggulangan kemiskinan provinsi Jawa Barat, sistem aplikasi online dan pilot projek berbasis website “RumahJabar-Net pro Poor”, layanan rujukan rumah sakit miskin “Rumah Harapan Hidup Bersama” pada dua lokasi di kabupaten Indramayu (desa Majasari kecamatan Sliyeg dan desa Mundakjaya kecamatan Cikedung).&#13;
Untuk mewujudkan capaian yang telah ditetapkan pada jangka menengah dan jangka Panjang, maka beberapa tindak lanjut perlu dilakukan pada tahun 2018, antara lain: melakukan pengembangan fungsi analisis Geo-spasial Sistem Aplikasi On-line berbasis website “RumahJabar-Net pro Poor”; mengembangkan infrastruktur TIK dan Networking; mengembangkan organisasi Tim Percepatan Penanggulangan Kemiskinan di masing-masing Perangkat Daerah Provinsi; memasukan program percepatan penanggulangan kemiskinan di Jawa Barat dalam RPJMD 2018-2023, RPKD 2019 DAN RENJA 2019, serta APBD Provinsi tahun 2019.</subfield>
    </datafield>
    <datafield tag="650" ind1=" " ind2=" ">
      <subfield code="a">Penanggulangan Kemiskinan</subfield>
    </datafield>
  </record>
</collection>
